00413nam a2200181Ia 4500003000400000005001700004008004100021020001500062040000700077041000800084082002300092100002500115245002900140250000600169260003000175300001200205365001400217OSt20230324161149.0210423s2004 xx 000 0 und d a1556706335 cAL aeng a363.738 223bMANS aMANAHAN (Stanley E). aEnvironmental chemistry. a8 aNew YorkbCRC Pressc2004 a683bHB b2936cINR